000 00740nam a2200241 i 4500
001 95943
003 ES-MaACL
005 20231113190836.0
007 t|
008 050608s1977 sp ||||1| spa d
020 _a84-322-2732-3
080 _a159.955(04)
100 1 _aMachado, Luis Alberto.
_975160
245 1 3 _aLa revolución de la inteligencia /
_cLuis Alberto Machado.
250 _a1ª ed., 2ª reimp.
260 _aBarcelona :
_bSeix Barral,
_c1977.
300 _a156 p. ;
_c19 cm.
490 1 _aBiblioteca breve de bolsillo. Libros de enlace ;
_v131
650 4 _aInteligencia.
_913860
830 1 _aBiblioteca breve de bolsillo. Libros de enlace
_v131
_9184375
852 _aES-MaACL
_jA-7250
999 _c95943
_d95943